諜戰上海灘
| 資料類型: | 圖書 | 書目號: | 51250 |
Leader xxxxxxxxxx 001 __ 102477/2/01 005 __ 20170720133038.257 010 0_ |a9787219079119|b平裝|d新臺幣156元 042 __ |anbic 100 __ |a20170720d2012 km y0chiy50 e 101 1_ |achi 102 __ |acn 105 __ |ay z 000ay 200 1_ |a諜戰上海灘|e|f張勇著 205 __ |a初版 210 __ |a廣西省南寧市|c廣西人民出版社|d2012 215 0_ |a332面|c|d21公分 225 __ |a|v 300 __ |a電視劇偽裝者原著小說 300 __ |a簡體字 606 __ |2cst|a文學小說 700 _1 |a張|b勇|4著 681 __ |a857.75|b876 702 __ |a|b|4 801 _0 |atw|bLibDipper|c20170720|gCCR |